000
00244nam a2200109Ia 4500
008
190216s9999||||xx |||||||||||||| ||und||
100
_a
Neshan T Mathew
245
0
_a
Pouradarmam
260
_b
Bhasha Institute
650
_a
History
942
_c
BK
999
_c
37514
_d
37514